Exam Oriented Anatomy : Volume 1 (Record no. 158567)
[ view plain ]
| 000 -LEADER | |
|---|---|
| fixed length control field | 00392nam a2200145Ia 4500 |
| 008 - FIXED-LENGTH DATA ELEMENTS--GENERAL INFORMATION | |
| fixed length control field | 230411s9999 xx 000 0 und d |
| 020 ## - INTERNATIONAL STANDARD BOOK NUMBER | |
| International Standard Book Number | 978-93-90046-14-0 |
| 041 ## - LANGUAGE CODE | |
| Language code of text/sound track or separate title | eng |
| 082 ## - DEWEY DECIMAL CLASSIFICATION NUMBER | |
| Classification number | A/611/KAZ/B09505 |
| 100 ## - MAIN ENTRY--PERSONAL NAME | |
| Personal name | Kazi Shoukat |
| 245 ## - TITLE STATEMENT | |
| Title | Exam Oriented Anatomy : Volume 1 |
| 260 ## - PUBLICATION, DISTRIBUTION, ETC. (IMPRINT) | |
| Name of publisher, distributor, etc. | CBS Publishers & Distributors |
| Place of publication, distribution, etc. | New Delhi |
| Date of publication, distribution, etc. | 2021 |
| 300 ## - PHYSICAL DESCRIPTION | |
| Extent | 395p |
| Withdrawn status | Lost status | Damaged status | Not for loan | Collection code | Home library | Current library | Date acquired | Vendor | Cost, normal purchase price | Bill number | Total Checkouts | Full call number | Barcode | Date last seen | Date last checked out | Cost, replacement price | Bill Date | Koha item type | Original Barcode |
|---|---|---|---|---|---|---|---|---|---|---|---|---|---|---|---|---|---|---|---|
| Smt. Bakul Tambat Institute of Nursing Education | Smt. Bakul Tambat Institute of Nursing Education | 10/03/2021 | Patil Medical Book House | 395.00 | 5926 | 1 | A 611 KAZ B09505 | BTIN-BK-9505 | 06/01/2025 | 03/01/2025 | 256.75 | 08/03/2021 | Books | B09505 | |||||
| Smt. Bakul Tambat Institute of Nursing Education | Smt. Bakul Tambat Institute of Nursing Education | 10/03/2021 | Patil Medical Book House | 395.00 | 5926 | 3 | A 611 KAZ B09506 | BTIN-BK-9506 | 25/11/2024 | 18/11/2024 | 256.75 | 08/03/2021 | Books | B09506 |